Sports Quiz

Random Sports or Blitz Quiz

Big 4 'M' Team Blitz Quiz Stats

 Plays Quiz Updated Jul 5, 2013

Challenge
Share
Tweet
Embed
Score 0/6 Timer 01:00
2 Plays Today
Big 4 'M' Teams % Correct
Mets
87.3%
Marlins
80.7%
Mariners
79.3%
Mavericks
76.7%
Magic
59%
Maple Leafs
42.5%

You're not logged in!

Compare scores with friends on all Sporcle quizzes.
OR
Log In

You Might Also Like...

Show Comments

Extras

Top Quizzes Today


Score Distribution

Your Account Isn't Verified!

In order to create a playlist on Sporcle, you need to verify the email address you used during registration. Go to your Sporcle Settings to finish the process.

Report this User

Report this user for behavior that violates our Community Guidelines.

Details: